Indigenous states of Northern India (Record no. 225386)

MARC details
000 -LEADER
fixed length control field 00725nam a2200253Ia 4500
003 - CONTROL NUMBER IDENTIFIER
control field OSt
005 - DATE AND TIME OF LATEST TRANSACTION
control field 20220918202528.0
008 - FIXED-LENGTH DATA ELEMENTS--GENERAL INFORMATION
fixed length control field 220917b |||||||| |||| 00| 0 eng d
037 ## - SOURCE OF ACQUISITION
Terms of availability Textual
040 ## - CATALOGING SOURCE
Original cataloging agency ARTS
Transcribing agency ARTS
Language of cataloging eng
041 ## - LANGUAGE CODE
Source of code eng
Language code of text/sound track or separate title eng
100 ## - MAIN ENTRY--PERSONAL NAME
Personal name Lahiri Bela
9 (RLIN) 104215
245 #0 - TITLE STATEMENT
Title Indigenous states of Northern India
Remainder of title Girca 200 B C to 320 A D
260 ## - PUBLICATION, DISTRIBUTION, ETC.
Place of publication, distribution, etc. Calcutta
Name of publisher, distributor, etc. University of Calcutta
Date of publication, distribution, etc. 1974
300 ## - PHYSICAL DESCRIPTION
Extent xvi, 398p. VI plates
Dimensions cm.
500 ## - GENERAL NOTE
General note Appendix p323--328; Bibliography p332--354
650 ## - SUBJECT ADDED ENTRY--TOPICAL TERM
Topical term or geographic name entry element HISTORY
942 ## - ADDED ENTRY ELEMENTS (KOHA)
Classification part V25.C, L4
Koha item type Textual
Source of classification or shelving scheme Colon Classification (CC)
Holdings
Withdrawn status Lost status Damaged status Not for loan Home library Current library Date acquired Total Checkouts Full call number Barcode Date last seen Price effective from Koha item type
        Arts Library Arts Library 2022-09-18   V25.C L4 AL0595213 2022-09-18 2022-09-18 Textual
Copyright @ Delhi University Library System